2 states (Record no. 12264)

000 -LEADER
fixed length control field 00684nam a22001577a 4500
008 - FIXED-LENGTH DATA ELEMENTS--GENERAL INFORMATION
fixed length control field 221014b 2010 ||||| |||| 00| 0 eng d
020 ## - INTERNATIONAL STANDARD BOOK NUMBER
International Standard Book Number 9788129115300
082 ## - DEWEY DECIMAL CLASSIFICATION NUMBER
Classification number 823.92
Item number BHA
100 ## - MAIN ENTRY--PERSONAL NAME
Personal name Bhagat, Chetan
245 ## - TITLE STATEMENT
Title 2 states
250 ## - EDITION STATEMENT
Edition statement 53rd ed.
260 ## - PUBLICATION, DISTRIBUTION, ETC. (IMPRINT)
Place of publication, distribution, etc New Delhi
Name of publisher, distributor, etc Rupa & Company
Date of publication, distribution, etc 2010
300 ## - PHYSICAL DESCRIPTION
Extent x, 269p.
520 ## - SUMMARY, ETC.
Summary, etc 2 States by Chetan Bhagat is the story of Krish and Ananya who are from two different states of India, “stupidly in love” and want to get married not by eloping but with their parent's consent. Everything looks easy except Ananya is from a conservative Tamil family and Krish is from a typical Punjabi family.17-Aug-2013
942 ## - ADDED ENTRY ELEMENTS (KOHA)
Item type Gratis Books
Holdings
Withdrawn status Lost status Source of classification or shelving scheme Damaged status Not for loan Collection code Permanent location Current location Shelving location Date acquired Full call number Barcode Date last seen Koha item type Public note
          Fiction IMU-MPC Library IMU-MPC Library General Stacks 2022-10-14 823.92 BHA MPCG0907 2025-03-17 Gratis Books Column - 64
Copyright © 2021 Indian Maritime University, Mumbai Port Campus. All Rights Reserved. Managed & Maintained by Central Library, IMU-Mumbai

webs counters

Powered by Koha